[Event "Najdorf Memorial"]
[Site "Warsaw POL"]
[Date "2015.07.14"]
[Round "5.30"]
[White "Rozycki, Bartlomiej"]
[Black "Cukrowski, Filip"]
[Result "0-1"]
[WhiteElo "2198"]
[BlackElo "2330"]
[Annotator ""]
[Source ""]
[Remark ""]

1.e4 c5 2.Nf3 d6 3.d4 cxd4 4.Qxd4 Nc6 5.Bb5 Nf6 6.Bg5 Bd7 7.Qd3
h6 8.Bxf6 gxf6 9.Nc3 a6 10.Bxc6 Bxc6 11.O-O-O e6 12.Nd4 Qc7 13.f4
O-O-O 14.f5 Bd7 15.Rhf1 Be7 16.Qh3 Kb8 17.Qh5 Rh7 18.fxe6 fxe6
19.Qg6 Rdh8 20.Rf3 Qc5 21.Rg3 Be8 22.Qg4 Bh5 23.Qxe6 Bxd1 24.Rg8+
Ka7 25.Nb3 Qe5 26.Qc8 Rxg8 27.Qxg8 Qg5+ 28.Qxg5 hxg5 29.Kxd1
Rxh2 30.g3 Bd8 31.Nd4 Ba5 32.Nd5 0-1

[Event "Najdorf Memorial"]
[Site "Warsaw POL"]
[Date "2015.07.14"]
[Round "5.31"]
[White "Adamski, Jan"]
[Black "Polok, Kacper"]
[Result "1/2-1/2"]
[WhiteElo "2293"]
[BlackElo "2213"]
[Annotator ""]
[Source ""]
[Remark ""]

1.Nf3 Nf6 2.c4 c5 3.Nc3 g6 4.d4 cxd4 5.Nxd4 Nc6 6.g3 Nxd4 7.Qxd4
Bg7 8.Bg2 O-O 9.O-O d6 10.Qd3 Rb8 11.Be3 b6 12.Rac1 Bb7 13.b3
Qd7 14.Rfd1 h5 15.Bd4 Bxg2 16.Kxg2 Nh7 17.Bxg7 Kxg7 18.Nd5 Rbd8
19.f4 e5 20.f5 Qxf5 21.Qxf5 gxf5 22.Rf1 f4 23.gxf4 f5 24.Rc3
Nf6 25.Nc7 Kh6 26.fxe5 Ne4 27.Rd3 Rg8+ 28.Kh1 Rd7 29.exd6 Rdg7
30.Rdf3 Nd2 31.Ne6 Rg6 32.Nd4 Nxf3 33.Nxf5+ Kh7 34.exf3 Rf6 35.Ne7
Rd8 36.Kg2 Rfxd6 37.Nd5 b5 38.Re1 bxc4 39.bxc4 Ra6 40.Re7+ Kh6
41.f4 Ra3 42.Re6+ Kg7 43.Re7+ Kg6 44.Re6+ Kg7 45.Re7+ Kg6 46.Re6+ 1/2-1/2

[Event "Najdorf Memorial"]
[Site "Warsaw POL"]
[Date "2015.07.14"]
[Round "5.32"]
[White "Chomczyk, Marek"]
[Black "Warakomska, Anna"]
[Result "1-0"]
[WhiteElo "2165"]
[BlackElo "2274"]
[Annotator ""]
[Source ""]
[Remark ""]

1.d4 d5 2.c4 c6 3.e3 Nf6 4.Nc3 a6 5.Nf3 b5 6.b3 Bg4 7.Be2 e6
8.Ne5 Bxe2 9.Qxe2 Nfd7 10.f4 Qh4+ 11.Qf2 Qxf2+ 12.Kxf2 f6 13.Nf3
Bb4 14.Bd2 O-O 15.a4 bxc4 16.bxc4 dxc4 17.Rab1 c5 18.Ne4 Nc6
19.dxc5 Bxd2 20.Nfxd2 f5 21.Nc3 Na5 22.c6 Nc5 23.Kf3 Rac8 24.Rb4
Ncb3 25.Nxb3 cxb3 26.Ne2 Rb8 27.Rxb8 Rxb8 28.Nd4 b2 29.Rb1 Nc4
30.Ke2 Kf7 31.Kd3 Nd6 32.Kc3 Ke7 33.Rxb2 Rxb2 34.Kxb2 Nc4+ 35.Kc3
Nxe3 36.Kb4 Nxg2 37.Ka5 Nxf4 38.Kxa6 Nd5 39.Kb7 Kd6 40.a5 f4
41.a6 Nc7 42.a7 f3 43.Nxf3 Na8 44.Nd4 1-0

[Event "Najdorf Memorial"]
[Site "Warsaw POL"]
[Date "2015.07.14"]
[Round "5.33"]
[White "Jakubiec, Edyta"]
[Black "Hrabinska, Myroslava"]
[Result "1/2-1/2"]
[WhiteElo "2212"]
[BlackElo "2270"]
[Annotator ""]
[Source ""]
[Remark ""]

1.e4 c5 2.Nf3 e6 3.d4 cxd4 4.Nxd4 a6 5.Bd3 Bc5 6.Nb3 Ba7 7.Qe2
Nc6 8.Be3 d6 9.Nc3 b5 10.Bxa7 Rxa7 11.Qe3 Rd7 12.O-O Nf6 13.Nd4
Bb7 14.Nxc6 Bxc6 15.a4 b4 16.Ne2 Qa8 17.Qb6 Ke7 18.e5 dxe5 19.Qxb4+
Rd6 20.f3 Rhd8 21.Qc5 e4 22.fxe4 Bxe4 23.Nf4 Bxd3 24.Nxd3 h6
25.Rae1 Rc8 26.Qf2 Qc6 27.Nb4 Qxa4 28.c3 Qd7 29.Ra1 Rd2 30.Qg3
Kf8 31.Rxa6 Rxb2 32.Nd3 Rc2 33.Ne5 Qb7 34.Ra3 Qb2 35.c4 Rxg2+
36.Qxg2 Qxa3 37.Qb7 Qc5+ 38.Kh1 Rc7 39.Qa8+ Ke7 40.Rd1 Nd7 41.Rxd7+
Rxd7 42.Qf8+ Kxf8 43.Nxd7+ Ke7 44.Nxc5 Kd6 45.Nd3 f5 46.h4 e5
47.c5+ Kd5 48.c6 Kxc6 49.Nxe5+ Kd5 50.Ng6 Ke6 51.Kg2 Kf6 52.Nf4
g5 53.hxg5+ 1/2-1/2

[Event "Najdorf Memorial"]
[Site "Warsaw POL"]
[Date "2015.07.14"]
[Round "5.34"]
[White "Grabinsky, Vladimir"]
[Black "Dabrowska, Krystyna"]
[Result "1/2-1/2"]
[WhiteElo "2265"]
[BlackElo "2208"]
[Annotator ""]
[Source ""]
[Remark ""]

1.d4 Nf6 2.c4 e6 3.Nf3 b6 4.a3 c5 5.dxc5 bxc5 6.g3 Bb7 7.Bg2
Be7 8.O-O O-O 9.Qc2 Qb6 10.Nc3 d6 11.Rd1 Rd8 12.Bf4 a6 13.Rd2
Nbd7 14.Rad1 e5 15.Bg5 h6 16.Bxf6 Nxf6 17.Nh4 Bxg2 18.Nxg2 Bf8
19.Ne3 Rab8 20.Ne4 Nxe4 21.Qxe4 Qb7 22.Nd5 Qb3 23.h4 Rb7 24.Kg2
Rdb8 25.g4 Qa4 26.Rb1 Rb3 27.g5 Qd7 28.f3 Qe6 29.Kh2 Qg6 30.Qxg6
fxg6 31.Nc7 R8b7 32.Nd5 Rxa3 33.bxa3 Rxb1 34.Rd3 Rb2 35.Re3 Kf7
36.Kg3 Be7 37.f4 exf4+ 38.Kxf4 Bd8 39.Kg4 Rc2 40.Re4 Rc1 41.Rf4+
Ke8 42.Re4+ Kd7 43.Rf4 hxg5 44.hxg5 Rg1+ 45.Kf3 Rxg5 46.Rf7+
Ke8 47.Rxg7 Rf5+ 48.Ke4 Re5+ 49.Kd3 g5 50.e4 Re6 51.Ne3 Rh6 52.Ke2
Rh4 53.Kf3 Rf4+ 54.Kg3 Bf6 55.Ra7 Rxe4 56.Ng4 Bb2 57.Rxa6 Rxc4
58.Rxd6 Rc3+ 59.Kg2 Bxa3 60.Rd5 Bc1 61.Nf6+ Ke7 62.Ne4 Rc2+ 63.Kf3
c4 64.Nxg5 Bxg5 65.Rxg5 Kd6 66.Ke3 Rh2 67.Kd4 Rh4+ 1/2-1/2

[Event "Najdorf Memorial"]
[Site "Warsaw POL"]
[Date "2015.07.14"]
[Round "5.35"]
[White "Mickiewicz, Piotr"]
[Black "Wisniowska, Klaudia"]
[Result "1-0"]
[WhiteElo "2356"]
[BlackElo "2186"]
[Annotator ""]
[Source ""]
[Remark ""]

1.d4 Nf6 2.c4 g6 3.Nc3 Bg7 4.g3 d6 5.Bg2 O-O 6.e3 Nbd7 7.Nge2
e5 8.O-O c6 9.b3 Re8 10.Qc2 Nf8 11.dxe5 dxe5 12.Rd1 Qa5 13.Bb2
Bg4 14.h3 Bf5 15.e4 Be6 16.Na4 N8d7 17.c5 b5 18.cxb6 axb6 19.Qxc6
Rac8 20.Qd6 b5 21.Nac3 Nc5 22.Qd2 b4 23.Nd5 Ncxe4 24.Qxb4 Qxb4
25.Nxb4 Bf8 26.Nd3 Rc2 27.Kf1 Nd2+ 28.Ke1 Bh6 29.Bc1 e4 30.Nb4
Rxc1 31.Raxc1 Nf3+ 32.Kf1 Bxc1 33.Nxc1 Rb8 34.Nc6 Rb6 35.Rd8+
Kg7 36.Nd4 Nxd4 37.Rxd4 Rc6 38.Nd3 Rc3 39.Nf4 Rc1+ 40.Ke2 Bf5
41.g4 Nxg4 42.hxg4 Bxg4+ 43.Kd2 Ra1 44.Bxe4 Rxa2+ 45.Bc2 Bf5
46.Nd3 Be6 47.Kc3 Ra8 48.Nc5 Rc8 49.b4 h5 50.Kd2 Bg4 51.Ke3 g5
52.f3 Bh3 53.Kf2 h4 54.Rd5 f6 55.b5 Rb8 56.Bd3 f5 57.Bxf5 Bxf5
58.Rxf5 Kg6 59.Nd7 Rb7 60.Rd5 1-0

[Event "MetLife Warsaw Najdorf Chess Festival  gr. A"]
[Site "Warszawa"]
[Date "2015.07.14"]
[Round "5.36"]
[White "Zujev, Oleg"]
[Black "Karpus, Michal"]
[Result "1/2-1/2"]
[WhiteElo "2296"]
[BlackElo "2114"]
[Annotator ""]
[Source ""]
[Remark ""]

1.d4 Nf6 2.c4 g6 3.Nc3 Bg7 4.e4 d6 5.Be2 O-O 6.Bg5 Na6 7.f4 c6
8.Nf3 Nc7 9.Qd2 d5 10.e5 Ne4 11.Qe3 Nxg5 12.fxg5 dxc4 13.Bxc4
b5 14.Bb3 a5 15.O-O a4 16.Bc2 Be6 17.h4 a3 18.b3 b4 19.Ne4 Nd5
20.Qd2 Bg4 21.Rae1 Qb6 22.Nh2 Bf5 23.Rxf5 gxf5 24.Nc5 Rad8 25.Qf2
e6 26.g4 Ne7 27.h5 Rd5 28.h6 Bh8 29.gxf5 exf5 30.Nf3 Rfd8 31.Rc1
Rxd4 32.Nxd4 Qxc5 33.Nxf5 Qxf2+ 34.Kxf2 Nxf5 35.Bxf5 Bxe5 36.Kf3
Bc3 37.Rc2 Rd5 38.Kg4 Rd4+ 39.Kf3 Rd5 40.Kg4 Rd4+ 1/2-1/2

[Event "MetLife Warsaw Najdorf Chess Festival  gr. A"]
[Site "Warszawa"]
[Date "2015.07.14"]
[Round "5.37"]
[White "Winiarski, Mikolaj"]
[Black "Warszawski, Bartosz"]
[Result "1/2-1/2"]
[WhiteElo "2160"]
[BlackElo "2233"]
[Annotator ""]
[Source ""]
[Remark ""]

1.d4 Nf6 2.Nf3 e6 3.e3 c5 4.c4 d5 5.cxd5 exd5 6.Be2 Nc6 7.O-O
cxd4 8.Nxd4 Bd6 9.Nc3 O-O 10.Bf3 Be5 11.h3 Bb8 12.Nxc6 bxc6 13.Qd4
Qd6 14.Qf4 Qxf4 15.exf4 Bd6 16.Be3 Rb8 17.b3 a5 18.Rfd1 Re8 19.Na4
Rb4 20.Bd2 Rd4 21.Bxa5 Rxd1+ 22.Rxd1 Bxf4 23.Nc5 Bf5 24.Bc3 Ra8
25.Ra1 Bd6 26.Bd4 Bc2 27.Na4 Ba3 28.Bd1 Bd3 29.Nc5 Bxc5 30.Bxc5
Ne4 31.Bb4 c5 32.Be1 c4 33.f3 Nc5 34.bxc4 dxc4 35.a4 f6 36.a5
Kf7 37.Bc3 Ke6 38.Kf2 Kd5 39.Be2 Re8 40.Bf1 Ra8 41.g3 Kc6 42.Bg2
Kb5 43.f4 Be4 44.Bf1 Ra6 45.Ra2 1/2-1/2

[Event "MetLife Warsaw Najdorf Chess Festival  gr. A"]
[Site "Warszawa"]
[Date "2015.07.14"]
[Round "5.38"]
[White "Derakhshani, Dorsa"]
[Black "Bjornsson, Sigurbjorn"]
[Result "1/2-1/2"]
[WhiteElo "2280"]
[BlackElo "2327"]
[Annotator ""]
[Source ""]
[Remark ""]

1.e4 c5 2.Nf3 d6 3.d4 cxd4 4.Nxd4 Nf6 5.Nc3 g6 6.Be3 Bg7 7.f3
O-O 8.Qd2 Nc6 9.Bc4 Bd7 10.O-O-O Rc8 11.Bb3 Nxd4 12.Bxd4 b5 13.a3
a5 14.Nd5 Nxd5 15.Bxg7 Kxg7 16.exd5 Kg8 17.h4 b4 18.axb4 axb4
19.Qd4 Bf5 20.Kd2 Rc5 21.g4 e5 22.Qxb4 Bd7 23.Ke3 f5 24.g5 Qc7
25.Kf2 Rb8 26.Qe1 Bb5 27.Rd2 Bc4 28.Bxc4 Rxc4 29.c3 Rb5 30.Qe2
Rcc5 31.Rhd1 Qa7 32.Kg3 Qa4 33.Rd4 Qb3 34.Ra1 Qxb2 35.Ra8+ Kf7
36.Rda4 f4+ 37.Kg4 Qb1 38.Rxf4+ Kg7 39.Rff8 Qg1+ 40.Kh3 Qh1+
41.Kg3 Qg1+ 42.Qg2 Qxg2+ 43.Kxg2 Rxd5 44.Rg8+ Kf7 45.Raf8+ 1/2-1/2

[Event "MetLife Warsaw Najdorf Chess Festival  gr. A"]
[Site "Warszawa"]
[Date "2015.07.14"]
[Round "5.39"]
[White "Nowak, Lukasz"]
[Black "Szostko, Jakub"]
[Result "1-0"]
[WhiteElo "2116"]
[BlackElo "2319"]
[Annotator ""]
[Source ""]
[Remark ""]

1.e4 c5 2.Nf3 e6 3.d4 cxd4 4.Nxd4 Nf6 5.Nc3 d6 6.g4 h6 7.h3 Nc6
8.Be3 Bd7 9.Qd2 Nxd4 10.Qxd4 Bc6 11.O-O-O Qa5 12.Rg1 a6 13.g5
hxg5 14.Rxg5 Qc7 15.f4 Rc8 16.Bg2 b5 17.Kb1 Qb7 18.a3 a5 19.e5
dxe5 20.fxe5 Nd7 21.Ne4 Nc5 22.Nd6+ Bxd6 23.exd6 Bxg2 24.Qxg7
Qf3 25.d7+ Ke7 26.dxc8N+ Rxc8 27.Qd4 Ne4 28.Rxg2 1-0

[Event "MetLife Warsaw Najdorf Chess Festival  gr. A"]
[Site "Warszawa"]
[Date "2015.07.14"]
[Round "5.40"]
[White "Kukula, Pawel"]
[Black "Bus, Konrad"]
[Result "1-0"]
[WhiteElo "2211"]
[BlackElo "2108"]
[Annotator ""]
[Source ""]
[Remark ""]

1.d4 Nf6 2.Nf3 g6 3.Nc3 d5 4.Bf4 Bg7 5.e3 O-O 6.Be2 c5 7.Ne5
cxd4 8.exd4 Nc6 9.Nxc6 bxc6 10.O-O Qa5 11.Qd2 Bf5 12.a3 Nd7 13.b4
Qb6 14.Be3 Qb7 15.Rab1 e5 16.dxe5 Nxe5 17.Na4 Nc4 18.Bxc4 dxc4
19.Nc5 Qe7 20.Rfe1 Rad8 21.Qe2 c3 22.Rbc1 Rfe8 23.Qf3 Rd5 24.g4
Bc8 25.Nd3 Qd7 26.Bf4 Rf8 27.h3 h5 28.Nc5 Qd8 29.Rcd1 hxg4 30.hxg4
Qh4 31.Rxd5 Bxg4 32.Bg5 Bxf3 33.Bxh4 Bxd5 34.Nd7 Ra8 35.Nf6+
Kf8 36.Re3 Bh6 37.Rxc3 Kg7 38.Rc5 Bc1 39.Nxd5 cxd5 40.a4 Ba3
41.c3 d4 42.cxd4 Bxb4 43.Rc6 Kf8 44.Rc7 Ke8 45.Kf1 Ba5 46.Re7+
Kf8 47.Rd7 Ke8 48.Re7+ Kf8 49.Rb7 Bc3 50.Bf6 g5 51.Ke2 g4 52.Kd3
Be1 53.Rb5 1-0

[Event "Najdorf Memorial"]
[Site "Warsaw POL"]
[Date "2015.07.15"]
[Round "6.2"]
[White "Mista, Aleksander"]
[Black "Efimenko, Zahar"]
[Result "1/2-1/2"]
[WhiteElo "2585"]
[BlackElo "2652"]
[Annotator ""]
[Source ""]
[Remark ""]

1.e4 e5 2.Nf3 Nc6 3.Bb5 a6 4.Ba4 Nf6 5.O-O Be7 6.d3 b5 7.Bb3
d6 8.a3 O-O 9.Nc3 Bb7 10.Be3 Na5 11.Ba2 c5 12.b4 Nc6 13.Nd5 Nxd5
14.Bxd5 Qc7 15.c3 Nd8 16.Bxb7 Nxb7 17.a4 Qc6 18.Qb3 Rfc8 19.Rfb1
cxb4 20.cxb4 Nd8 21.Rc1 bxa4 22.Qxa4 Qxa4 23.Rxa4 Rxc1+ 24.Bxc1
Ne6 25.Be3 Rb8 26.Nd2 Nc7 27.Nb3 d5 28.Bc5 Bxc5 29.Nxc5 dxe4
30.dxe4 a5 31.Rxa5 Rxb4 32.f3 Rb5 1/2-1/2

[Event "Najdorf Memorial"]
[Site "Warsaw POL"]
[Date "2015.07.15"]
[Round "6.3"]
[White "Safarli, Eltaj"]
[Black "Markowski, Tomasz"]
[Result "1/2-1/2"]
[WhiteElo "2649"]
[BlackElo "2566"]
[Annotator ""]
[Source ""]
[Remark ""]

1.e4 e6 2.d4 d5 3.Nd2 c5 4.Ngf3 Nf6 5.exd5 exd5 6.Bb5+ Bd7 7.Bxd7+
Nbxd7 8.O-O Be7 9.dxc5 Nxc5 10.Nb3 Nce4 11.Nfd4 Nd6 12.Re1 O-O
13.c3 Re8 14.Bg5 Rc8 15.Qd3 Qd7 16.Re2 Nde4 17.Bf4 Bf8 18.f3
Nh5 19.Be3 Nd6 20.Rae1 g6 21.Bc1 Rxe2 22.Rxe2 Qa4 23.a3 Nf6 24.Na1
Nd7 25.Qc2 Nb6 26.Bf4 Ndc4 27.Qc1 Qd7 28.Bh6 Bxh6 29.Qxh6 Re8
30.Nf5 gxf5 1/2-1/2

[Event "Najdorf Memorial"]
[Site "Warsaw POL"]
[Date "2015.07.15"]
[Round "6.4"]
[White "Zhigalko, Andrey"]
[Black "Piorun, Kacper"]
[Result "1-0"]
[WhiteElo "2574"]
[BlackElo "2591"]
[Annotator ""]
[Source ""]
[Remark ""]

1.Nf3 f5 2.d3 Nc6 3.g3 Nf6 4.Bg2 g6 5.O-O Bg7 6.c4 O-O 7.Nc3
d6 8.Rb1 e5 9.b4 h6 10.b5 Ne7 11.c5 Be6 12.Ba3 b6 13.cxd6 cxd6
14.Nxe5 Rc8 15.Nc6 Nxc6 16.bxc6 a6 17.Qd2 Re8 18.e4 d5 19.exf5
Bxf5 20.Ne2 d4 21.Rb3 Bg4 22.Re1 Nd5 23.Nf4 Nxf4 24.gxf4 b5 25.Bc5
Qf6 26.h3 Be6 27.Rb4 Qf7 28.Bxd4 a5 29.Bxg7 axb4 30.Be5 Bd5 31.Bxd5
Qxd5 32.c7 Kh7 33.Qc2 Qd7 34.Re3 Re6 35.Qb3 Qe7 36.d4 Rc6 37.d5
Rc1+ 38.Kg2 Qd7 39.d6 Re8 40.Qxb4 Rc4 41.Qb3 Re6 42.Qd3 Re8 43.Rg3
Rg8 44.a4 Rxa4 45.f5 Qc6+ 46.Kh2 Rf8 47.d7 1-0

[Event "Najdorf Memorial"]
[Site "Warsaw POL"]
[Date "2015.07.15"]
[Round "6.5"]
[White "Durarbayli, Vasif"]
[Black "Tomczak, Jacek"]
[Result "1-0"]
[WhiteElo "2630"]
[BlackElo "2579"]
[Annotator ""]
[Source ""]
[Remark ""]

1.e4 c6 2.d4 d5 3.e5 Bf5 4.Nf3 e6 5.Be2 Nd7 6.O-O h6 7.Nbd2 Ne7
8.Nb3 g5 9.Ne1 Qc7 10.Bh5 c5 11.c3 Bg7 12.f4 c4 13.Nd2 gxf4 14.Rxf4
O-O 15.Ndf3 f6 16.exf6 Rxf6 17.Nh4 Be4 18.Rg4 e5 19.Nef3 exd4
20.Nxd4 Qe5 21.Rg3 Bc2 22.Nxc2 1-0

[Event "Najdorf Memorial"]
[Site "Warsaw POL"]
[Date "2015.07.15"]
[Round "6.6"]
[White "Volokitin, Andrei"]
[Black "Meskovs, Nikita"]
[Result "0-1"]
[WhiteElo "2654"]
[BlackElo "2457"]
[Annotator ""]
[Source ""]
[Remark ""]

1.e4 e5 2.Nf3 Nc6 3.Bb5 a6 4.Ba4 Nge7 5.c3 g6 6.d4 exd4 7.cxd4
b5 8.Bc2 d5 9.e5 Bg7 10.Nbd2 O-O 11.Nb3 f6 12.exf6 Rxf6 13.Bg5
Rf7 14.h3 Qd6 15.O-O Bd7 16.Bh4 Bh6 17.Ne5 Rff8 18.Nxd7 Qxd7
19.Nc5 Qd6 20.Re1 Rf7 21.Bb3 Nf5 22.Re6 Qf4 23.Bf6 Nfxd4 24.Rxc6
Nxc6 25.Qxd5 Qxf6 26.Ne4 Qxb2 27.Qxf7+ Kh8 28.Rd1 Rf8 29.Qxc7
Nd4 30.Bd5 0-1

[Event "Najdorf Memorial"]
[Site "Warsaw POL"]
[Date "2015.07.15"]
[Round "6.7"]
[White "Sadzikowski, Daniel"]
[Black "Krasenkow, Michal"]
[Result "1/2-1/2"]
[WhiteElo "2477"]
[BlackElo "2610"]
[Annotator ""]
[Source ""]
[Remark ""]

1.d4 d6 2.e4 g6 3.Nc3 Bg7 4.f4 e6 5.Be3 Ne7 6.Qd2 b6 7.O-O-O
Bb7 8.g4 Nd7 9.Bg2 Nf6 10.h3 b5 11.Qd3 a6 12.Nge2 b4 13.Nb1 Qd7
14.Ng3 Qb5 15.Qb3 Bc6 16.Rhg1 d5 17.e5 Ne4 18.Bd2 a5 19.Be1 a4
20.Qe3 Qb7 21.h4 h5 22.gxh5 Nxg3 23.Bxg3 Nf5 24.Qe1 Rxh5 25.Bf3
Rh8 26.Bg4 b3 27.cxb3 axb3 28.a3 Ra4 29.Bxf5 exf5 30.Nc3 Rc4
31.Bf2 Bd7 32.e6 Bxe6 33.Rxg6 fxg6 34.Qxe6+ Kf8 35.Qxg6 Rh6 36.Qxf5+
Rf6 37.Qh3 Qc6 38.Kb1 Rxf4 39.Be3 Qg6+ 40.Ka1 Qg4 41.Qh1 Rf5
42.Nxd5 Rxd5 43.Rf1+ Rf5 44.Qa8+ Ke7 45.Re1 Kf7 46.Bf4 Kg6 47.Qa6+
Kh7 48.Qxc4 Qxf4 49.Qxb3 Qxd4 50.Qc2 Qc5 51.Qxc5 Rxc5 52.Kb1
Bf6 53.Re4 Kg6 54.Ka2 Kf5 55.Rb4 Ke6 56.Kb3 Rh5 57.a4 Kd7 58.Rc4
Rxh4 59.Rxh4 Bxh4 60.Kc4 Kc6 61.b4 Be1 62.a5 Bd2 63.b5+ Kb7 64.a6+ 1/2-1/2

[Event "Najdorf Memorial"]
[Site "Warsaw POL"]
[Date "2015.07.15"]
[Round "6.8"]
[White "Drozdowski, Kacper"]
[Black "Dragun, Kamil"]
[Result "1-0"]
[WhiteElo "2468"]
[BlackElo "2586"]
[Annotator ""]
[Source ""]
[Remark ""]

1.e4 c5 2.Nf3 d6 3.d4 cxd4 4.Qxd4 Nf6 5.Nc3 Nc6 6.Bb5 Nd7 7.Qe3
e6 8.O-O a6 9.Bxc6 bxc6 10.Rd1 Be7 11.Nd4 Qc7 12.Qg3 Bf6 13.Nde2
Ne5 14.Bg5 Bxg5 15.Qxg5 O-O 16.Nf4 Bb7 17.Nh5 f6 18.Qg3 Qf7 19.Nf4
Rad8 20.Nd3 Ng6 21.h4 Kh8 22.Rd2 f5 23.h5 Ne7 24.e5 f4 25.Qg4
d5 26.Ne2 g5 27.Nd4 Nf5 28.Nc5 Bc8 29.Qxg5 Rg8 30.Qxf4 Qg7 31.g3
Nxd4 32.Qxd4 Rdf8 33.Kg2 Rf5 34.Rh1 Qg5 35.c3 Rgf8 36.Re2 Rf3
37.h6 Qf5 38.Qd2 Qg4 39.Rh4 Qg6 40.Qd4 Qb1 41.Qg4 R3f7 42.Rh1
Qxa2 43.Qa4 Qxa4 44.Nxa4 Bd7 45.Nc5 Re7 46.Ra1 1-0

[Event "Najdorf Memorial"]
[Site "Warsaw POL"]
[Date "2015.07.15"]
[Round "6.9"]
[White "Swiercz, Dariusz"]
[Black "Czerwonski, Aleksander"]
[Result "1-0"]
[WhiteElo "2634"]
[BlackElo "2375"]
[Annotator ""]
[Source ""]
[Remark ""]

1.d4 Nf6 2.c4 g6 3.g3 Bg7 4.Bg2 d6 5.Nc3 O-O 6.Nf3 c5 7.d5 e5
8.O-O Na6 9.e4 Nc7 10.a4 b6 11.Ne1 Bd7 12.Nd3 Kh8 13.Bg5 Qe8
14.f4 exf4 15.Bxf4 Bg4 16.Bf3 Bxf3 17.Qxf3 Qd7 18.Bxd6 Qxd6 19.e5 1-0

[Event "Najdorf Memorial"]
[Site "Warsaw POL"]
[Date "2015.07.15"]
[Round "6.10"]
[White "Neiksans, Arturs"]
[Black "Warakomski, Tomasz"]
[Result "1/2-1/2"]
[WhiteElo "2597"]
[BlackElo "2449"]
[Annotator ""]
[Source ""]
[Remark ""]

1.c4 Nf6 2.Nf3 c6 3.Nc3 d5 4.e3 a6 5.b3 Bg4 6.h3 Bh5 7.Bb2 e6
8.g4 Bg6 9.Ne5 Nbd7 10.Nxg6 hxg6 11.cxd5 cxd5 12.Bg2 g5 13.Qe2
Rc8 14.O-O-O Qa5 15.Kb1 Ba3 16.Rc1 Bxb2 17.Kxb2 Rc6 18.f4 gxf4
19.exf4 Kd8 20.Qe3 Kc7 21.g5 Ne8 22.f5 Nd6 23.fxe6 fxe6 24.Kb1
Nf5 25.Qf4+ Kd8 26.Nxd5 Rh4 27.Qf2 Rd4 28.Nc3 Rcd6 29.Rc2 Nc5
30.Ne2 Nd3 31.Qf3 Rb4 32.Nc1 Nc5 33.Qc3 b6 34.Rf1 Qb5 35.Rf2
a5 36.Bf1 Qd7 37.Bg2 Rbd4 38.Re2 Qe7 39.a3 Qxg5 40.b4 axb4 41.axb4
Nd7 42.Bc6 Rxc6 43.Qxc6 Rxb4+ 44.Rb2 Rxb2+ 45.Kxb2 Nd4 46.Qa8+
Ke7 47.Qa3+ Nc5 48.Qa7+ Kf6 49.Rf2+ Kg6 50.Qa8 Kh7 51.h4 Qe5
52.Rf8 Nf5+ 53.Kc2 Nd4+ 54.Kb1 Qe4+ 55.Qxe4+ Nxe4 56.d3 Nd6 57.Kb2
Kg6 58.Nb3 N4f5 59.Rh8 Nf7 60.Rb8 Nxh4 61.Rxb6 Kf6 62.Nc5 Ng5
63.Kc3 Kf5 64.Rb5 Nhf3 65.d4 Kf4 66.Rb7 Ne4+ 67.Kd3 Ne5+ 68.Ke2
Nxc5 69.dxc5 Ke4 70.Rb1 Kd4 71.Rc1 Nc6 72.Kf3 e5 73.Kg4 Kd5 74.Kf5
Nd4+ 75.Kg6 e4 76.Kxg7 Ne6+ 77.Kf6 Nxc5 78.Kf5 Nd3 79.Rc8 Kd4
80.Re8 Nf2 81.Kf4 Nd3+ 82.Kg3 Ke3 83.Kg4 Nf2+ 1/2-1/2

[Event "Najdorf Memorial"]
[Site "Warsaw POL"]
[Date "2015.07.15"]
[Round "6.11"]
[White "Bromberger, Stefan"]
[Black "Vydeslaver, Alik"]
[Result "0-1"]
[WhiteElo "2556"]
[BlackElo "2398"]
[Annotator ""]
[Source ""]
[Remark ""]

1.e4 d6 2.d4 Nf6 3.Nc3 e5 4.Nf3 Nbd7 5.Bc4 Be7 6.a4 O-O 7.O-O
c6 8.h3 a5 9.Re1 Nb6 10.Ba2 Nfd7 11.Be3 exd4 12.Nxd4 Nc5 13.Qh5
Nbxa4 14.Nxa4 Nxa4 15.Nf3 Nc5 16.Ng5 Bxg5 17.Bxg5 Qc7 18.Re3
Ne6 19.Bf6 gxf6 20.Bb1 Nf4 21.Qh6 Ng6 22.Ra4 Qe7 23.Rg3 Kh8 24.c3
Rg8 25.h4 b5 0-1

[Event "Najdorf Memorial"]
[Site "Warsaw POL"]
[Date "2015.07.15"]
[Round "6.12"]
[White "Rozentalis, Eduardas"]
[Black "Paszewski, Mateusz"]
[Result "1-0"]
[WhiteElo "2530"]
[BlackElo "2252"]
[Annotator ""]
[Source ""]
[Remark ""]

1.e4 c5 2.Nf3 Nc6 3.Bb5 g6 4.O-O Bg7 5.c3 Nf6 6.Re1 O-O 7.d4
cxd4 8.cxd4 d5 9.e5 Ne4 10.Bxc6 bxc6 11.Nbd2 Nxd2 12.Bxd2 Qb6
13.Bc3 Bg4 14.h3 Bxf3 15.Qxf3 e6 16.h4 c5 17.Rad1 cxd4 18.Bxd4
Qd8 19.Qh3 Qe7 20.h5 Rac8 21.h6 Bh8 22.Qe3 a6 23.Rc1 Rfe8 24.Rxc8
Rxc8 25.Rc1 Rxc1+ 26.Qxc1 Qd7 27.b4 f6 28.exf6 Kf7 29.Qf4 Qd8
30.a4 Bxf6 31.b5 axb5 32.axb5 1-0

[Event "Najdorf Memorial"]
[Site "Warsaw POL"]
[Date "2015.07.15"]
[Round "6.13"]
[White "Kanarek, Marcel"]
[Black "Hnydiuk, Aleksander"]
[Result "1-0"]
[WhiteElo "2508"]
[BlackElo "2370"]
[Annotator ""]
[Source ""]
[Remark ""]

1.e4 c5 2.Nf3 d6 3.d4 cxd4 4.Nxd4 Nf6 5.Nc3 a6 6.Be2 e6 7.O-O
Be7 8.f4 Qc7 9.Kh1 O-O 10.Qe1 Nc6 11.Be3 Nxd4 12.Bxd4 b5 13.Qg3
Bb7 14.a3 Bc6 15.Rad1 g6 16.Bf3 Nd7 17.f5 Ne5 18.Bg4 exf5 19.exf5
Bf6 20.Bf3 Bxf3 21.Rxf3 Qc6 22.Rf4 Rae8 23.Rdf1 Bg7 24.f6 Bh6
25.Rh4 Bd2 26.Be3 Bxe3 27.Qxe3 Ng4 28.Qd2 Ne3 29.Rf3 Nc4 30.Qc1
Re6 31.h3 d5 32.Qh6 Re1+ 33.Kh2 Qd6+ 34.Rff4 1-0

[Event "Najdorf Memorial"]
[Site "Warsaw POL"]
[Date "2015.07.15"]
[Round "6.14"]
[White "Bilguun, Sumiya"]
[Black "Kveinys, Aloyzas"]
[Result "1-0"]
[WhiteElo "2361"]
[BlackElo "2497"]
[Annotator ""]
[Source ""]
[Remark ""]

1.e4 c5 2.Nf3 e6 3.d4 cxd4 4.Nxd4 a6 5.Nc3 Qc7 6.Bd3 Nf6 7.O-O
d6 8.f4 Nbd7 9.Kh1 b5 10.Qe2 Bb7 11.Bd2 Be7 12.Rae1 O-O 13.e5
dxe5 14.fxe5 Nd5 15.Qh5 g6 16.Nxe6 Qc6 17.Qg4 fxe6 18.Bxg6 Rxf1+
19.Rxf1 Nxe5 20.Nxd5 Qxd5 21.Bf7+ Kh8 22.Bc3 b4 23.Bd4 Bc5 24.Qf3
h6 25.Qxd5 Bxd5 26.Bxe5+ Kh7 27.Bh5 Rf8 28.Rxf8 Bxf8 29.Be2 Kg6
30.Bxa6 Kf5 31.Bd4 e5 32.Bb6 Bxa2 33.Kg1 e4 34.Bd4 Bb1 35.c3
bxc3 36.bxc3 Bd6 37.g3 h5 38.Kf2 h4 39.c4 hxg3+ 40.hxg3 Ke6 41.Bc8+
Ke7 42.c5 Kd8 43.Bb7 Be7 44.Bd5 Bd3 45.Be3 Kd7 46.g4 Bf6 47.Kg3
Be5+ 48.Bf4 1-0

[Event "Najdorf Memorial"]
[Site "Warsaw POL"]
[Date "2015.07.15"]
[Round "6.15"]
[White "Romanishin, Oleg M"]
[Black "Nguyen, Piotr"]
[Result "1/2-1/2"]
[WhiteElo "2475"]
[BlackElo "2273"]
[Annotator ""]
[Source ""]
[Remark ""]

1.d4 Nf6 2.Nf3 c5 3.d5 b5 4.Bg5 Qb6 5.Nc3 b4 6.Na4 Qa5 7.c3 Ne4
8.cxb4 Qxb4+ 9.Bd2 Nxd2 10.Nxd2 g6 11.a3 Qb7 12.Nc4 d6 13.e4
Bg7 14.Be2 O-O 15.O-O Nd7 16.Rc1 a5 17.f4 Qc7 18.Kh1 Ba6 19.Nd2
Bxe2 20.Qxe2 Nb6 21.Nxb6 Qxb6 22.Nc4 Qb7 23.Rf3 a4 24.Qc2 Bd4
25.Rcf1 f5 26.Re1 Rf7 27.h3 Raf8 28.e5 Qxd5 29.exd6 exd6 30.Qxa4
Ra8 31.Qc2 Raa7 32.a4 Rfe7 33.Rxe7 Rxe7 34.Rf1 Qc6 35.b3 1/2-1/2

[Event "Najdorf Memorial"]
[Site "Warsaw POL"]
[Date "2015.07.15"]
[Round "6.16"]
[White "Sunilduth Lyna, Narayanan"]
[Black "Kowalski, Igor"]
[Result "1-0"]
[WhiteElo "2475"]
[BlackElo "2146"]
[Annotator ""]
[Source ""]
[Remark ""]

1.d4 Nf6 2.c4 e6 3.Nf3 b6 4.g3 Bb7 5.Bg2 Be7 6.O-O O-O 7.Re1
d5 8.cxd5 exd5 9.Nc3 Nbd7 10.Bf4 c5 11.dxc5 Nxc5 12.Be5 Nce4
13.Rc1 Bc5 14.Bd4 Bxd4 15.Qxd4 Rc8 16.Ne5 Qe7 17.Nd3 Nxc3 18.Rxc3
Rxc3 19.Qxc3 Rc8 20.Qd2 Qc7 21.Rc1 Qd7 22.Rd1 Qa4 23.Nb4 Kf8
24.b3 Qb5 25.Nd3 a5 26.Nf4 Qc5 27.h3 h6 28.e3 Qc2 29.Qd4 Rc5
30.Rd2 Qc1+ 31.Rd1 Qc3 32.Qxc3 Rxc3 33.Nxd5 Bxd5 34.Bxd5 Rc2
35.a4 Rb2 36.Bc4 Ne4 37.Rd7 Ng5 38.Kg2 Ne6 39.Rb7 Nc5 40.Rxf7+
Ke8 41.Rxg7 Nxb3 42.Bb5+ Kf8 43.Rg6 Nc5 44.Rxh6 Ne4 45.Rh4 Nc3
46.Rf4+ Ke7 47.Bc6 Rb4 48.h4 Rxf4 49.exf4 b5 50.axb5 a4 51.b6
a3 52.b7 a2 53.b8Q a1Q 54.Qe5+ Kf8 55.Qf6+ 1-0

[Event "Najdorf Memorial"]
[Site "Warsaw POL"]
[Date "2015.07.15"]
[Round "6.17"]
[White "Reza, Wojciech"]
[Black "Klekowski, Maciej"]
[Result "1/2-1/2"]
[WhiteElo "2212"]
[BlackElo "2475"]
[Annotator ""]
[Source ""]
[Remark ""]

1.d4 f5 2.c4 Nf6 3.Nc3 e6 4.Nf3 Bb4 5.Bd2 b6 6.g3 Bb7 7.Bg2 O-O
8.Rc1 Qe7 9.O-O d6 10.Qa4 a5 11.Rfd1 Nbd7 12.Bg5 Bxc3 13.Rxc3
Rab8 14.a3 Qe8 15.Bxf6 Rxf6 16.b4 axb4 17.axb4 b5 18.Qb3 bxc4
19.Qxc4 Nb6 20.Qa2 Nd5 21.Rb3 Bc6 22.Rc1 Rf8 23.Ne1 Qd7 24.Nd3
Rb6 25.Qb2 Rfb8 26.h4 Ba4 27.Bxd5 exd5 28.Rbc3 c6 29.Qd2 Bb5
30.Ne1 Re8 31.Re3 Ra6 32.Ng2 Rea8 33.Nf4 Ra2 34.Rc2 Ra1+ 35.Kg2
Re8 36.Rc1 Raa8 37.Rcc3 Qa7 38.f3 Rxe3 39.Rxe3 Qa2 40.Qc1 Qc4
41.Qd2 Kf7 42.Re6 Qb3 43.Kf2 Ra2 44.Qc1 Ra4 45.Qe3 Qxe3+ 46.Kxe3
Rxb4 47.Rxd6 Ke7 48.Re6+ Kf7 49.Rd6 Ke7 50.Re6+ Kf7 51.Rd6 1/2-1/2